[Event "Boeing Experts"]
[Site "?"]
[Date "1971.12.14"]
[Round "5"]
[White "LeCompte, G."]
[Black "Bailey, B."]
[Result "1-0"]
[WhiteElo "2108"]
[BlackElo "1937"]
[Annotator "Stockfish 14 (15s)"]
[PlyCount "73"]
[EventDate "1971.??.??"]

{C27: Vienna Game: 2...Nf6 3 Bc4 Nxe4} 1. e4 e5 2. Nc3 Nf6 3. Bc4 Nxe4 4. Qh5
Nd6 5. Bb3 Nc6 6. Nb5 g6 7. Qf3 f5 8. Qd5 Qe7 9. Nxc7+ Kd8 10. Nxa8 b6 11. c4
$4 $146 (11. Qf3 Bb7 12. d3 (12. Qh3 Nd4 13. c3 Ne6 14. Bxe6 Qxe6 15. Ne2 Bg7
16. O-O g5 17. d4 g4 18. Qh4+ Kc8 19. dxe5 Bxe5 20. Nf4 Qc4 21. Qg3 Bxa8 22.
Rd1 Ne4 23. Qd3 Qc7 24. Nd5 Bxh2+ 25. Kf1 Qb7 26. g3 h5 {
Adams,W-Hesse,H South Fallsburg 1948 1-0 (37)}) 12... Nd4 13. Qh3 f4 14. c3
N4f5 15. Ne2 g5 16. Rf1 h5 17. g4 Qg7 18. f3 hxg4 19. Qxg4 Rxh2 20. Nxb6 axb6
21. Qg1 Rxe2+ 22. Kxe2 Ng3+ 23. Ke1 Nxf1 24. Qxf1 Qh6 25. Bd1 Nf5 {
Evans,L-Santasiere,A Pittsburgh 1946 0-1 (49)}) (11. Nf3 Bb7 12. Kf1 e4 13. Nd4
Ne5 14. Ne6+ Qxe6 15. Qxb7 Nxb7 16. Bxe6 dxe6 17. d3 exd3 18. Bg5+ Be7 19.
Bxe7+ Kxe7 20. f4 Ng4 21. Nxb6 axb6 22. cxd3 Rc8 23. h3 Nf6 24. Kf2 Rc2+ 25.
Kf3 Nc5 {Hoiberg,N (2180)-Brautsch,S Aarhus 1986 0-1 (36)}) (11. d3 Nd4 12. Nh3
h6 13. c3 Bb7 14. Qxb7 Nxb7 15. cxd4 Qb4+ 16. Bd2 Qxd4 17. O-O Bd6 18. Nf4 Na5
19. Be3 Qb4 20. Nd5 Qh4 21. Naxb6 f4 22. Rac1 Nc6 23. Nc4 Bb8 24. Bc5 f3 25. g3
Qh3 {Prins,L-Rellstab,L Travemuende 1951 1-0 (41)}) (11. Ne2 Bb7 12. Qd3 Bxa8
13. O-O $11) 11... Nb4 $19 12. Qf3 Bb7 {Black plans e4} (12... e4 $142 $5 13.
Qe2 Nd3+ 14. Kd1 $19) 13. Qh3 e4 (13... Bxa8 $6 14. Ne2 g5 15. O-O $11) 14. Ne2
$4 (14. Kf1 $142 Nd3 15. Bc2 $19) 14... Nd3+ (14... Bxa8 $6 15. O-O Nd3 16. Bc2
$11) 15. Kf1 f4 16. Nc3 (16. Bc2 Bg7 17. g3 f3 $19) 16... Bxa8 17. Nd5 (17. Bc2
Bg7 18. Rb1 Nxc4 19. b3 $19) 17... Bxd5 18. cxd5 Bg7 19. Qg4 f3 20. gxf3 Bd4
21. Rg1 Nxf2 (21... exf3 22. Qxf3 Rf8 23. Rg3 Qe1+ 24. Kg2 Nf4+ 25. Qxf4 Rxf4
26. d3 Rxf2+ 27. Kh3 Qf1+ 28. Kh4 Rxh2+ 29. Rh3 Qxh3+ 30. Kg5 Qg3#) 22. Qg5 $19
Bf6 23. Qe3 Nd3 (23... Rf8 $142 24. Qxf2 Bh4 $19) 24. fxe4 Nxc1 $4 (24... Nxe4
$142 25. Ke2 Nxc1+ 26. Raxc1 Re8 $17) 25. Rxc1 $11 Rf8 (25... Re8 $142 $5 26.
Kg2 Bg5 $11) 26. Ke2 Qg7 27. Rcf1 Re8 28. d3 (28. Bc2 $142 $5 Bd4 29. Qg5+ Kc7
30. Rg3 Bxb2 31. Kd1 $16) 28... Kc8 $14 29. a4 (29. Rg2 Bxb2 30. Qf4 Be5 $11)
29... Kb8 30. a5 Bd4 (30... bxa5 31. Qc5 {Decoy Double attack}) 31. Qg3 Bxg1 $4
(31... Bc5 $142 32. Rc1 Ka8 33. Rxc5 Nf5 $11) 32. Qxd6+ $18 Ka8 (32... Kc8 33.
Rxg1 Rxe4+ 34. dxe4 Qxb2+ 35. Kf3 Qxb3+ 36. Kf4 $18) 33. Rxg1 Qxb2+ (33... Rf8
34. Rc1 Rd8 35. Qc7 $18) 34. Ke3 Qxb3 (34... Rxe4+ 35. Kxe4 Qe2+ 36. Kf4 Qf2+
37. Kg5 Qxg1+ 38. Kh6 Qe3+ 39. Kxh7 Qh3+ 40. Kg7 Kb7 41. a6+ Kxa6 42. Bc4+ Kb7
$18) 35. Qxd7 Rh8 (35... Qc2 36. Qxe8+ Kb7 37. a6+ Kxa6 38. Qc6 Qxc6 39. dxc6
b5 40. Rc1 b4 41. c7 Kb5 42. c8=Q Ka4 43. Qc6+ Ka3 44. Qc2 b3 45. Ra1+ Kb4 46.
Qc4#) 36. Qc6+ (36. a6 Qxd3+ 37. Kxd3 Rb8 38. Qc6+ Rb7 39. Qxb7#) 36... Kb8 37.
a6 (37. a6 Qxd5 38. Qxd5 Kc7 39. Rc1+ Kb8 40. Qb7#) 1-0

[Event "Puget Sound League"]
[Site "?"]
[Date "1971.12.21"]
[Round "1"]
[White "Bailey, B."]
[Black "Pitt, A."]
[Result "1-0"]
[WhiteElo "1865"]
[BlackElo "2026"]
[Annotator "Stockfish 14 (15s)"]
[PlyCount "131"]
[EventDate "1971.??.??"]

{C70: Ruy Lopez: 3...a6 4 Ba4, Norwegian and Delayed Schliemann} 1. e4 e5 2.
Nf3 Nc6 3. Bb5 a6 4. Ba4 b5 5. Bb3 Na5 6. d4 Nxb3 7. cxb3 $146 (7. axb3 d6 (
7... exd4 8. Nxd4 Bb7 (8... d6 9. Nxb5 Bb7 10. N5c3 Nf6 11. O-O Be7 12. Re1 O-O
13. Nd5 Nxd5 14. exd5 Bf6 15. Nc3 Bxc3 16. bxc3 Re8 17. c4 Rxe1+ 18. Qxe1 Qe8
19. Bf4 Qxe1+ 20. Rxe1 Kf8 21. f3 Re8 22. Rxe8+ Kxe8 23. Kf2 {
Berke,A (2058)-Dvorski,R (1950) Croatia 2005 0-1 (79)}) 9. O-O d5 (9... g6 10.
Nc3 Bg7 11. Be3 d6 12. Qe2 Qd7 13. f4 Nf6 14. e5 dxe5 15. fxe5 Nd5 16. Rad1
Nxc3 17. bxc3 Qe7 18. Bf4 O-O 19. Rd3 Qc5 20. b4 Qc4 21. Qd2 Rae8 22. Bh6 Bxe5
23. Bxf8 Rxf8 24. Nb3 {Matulovic,M-Bhend,E Zuerich 1961 1-0 (41)}) 10. exd5
Qxd5 11. Qe2+ Be7 12. Nf3 Qe4 13. Qxe4 Bxe4 14. Nc3 Bb7 15. Re1 O-O-O 16. Bf4
Bf6 17. Ne5 Bxe5 18. Bxe5 f6 19. Bf4 g5 20. Bg3 Nh6 21. Ne4 Bxe4 22. Rxe4 {
Hickl,J (2500)-Stein,B (2415) Germany 1990 1/2-1/2 (33)}) (7... Bb7 8. dxe5
Bxe4 9. O-O h6 10. Re1 Bb7 11. Nc3 Bc5 12. Ne4 Bxe4 13. Rxe4 Ne7 14. b4 Bb6 15.
Ra3 Ng6 16. Rd3 Qe7 17. Re1 Nf8 18. Nd4 Bxd4 19. Rxd4 Ne6 20. Rg4 Rb8 21. c3
Rb6 22. Qd5 {Fiser,J-Kabat,E Prague 1966 1/2-1/2 (46)}) 8. dxe5 Bg4 9. exd6
Bxd6 10. O-O Ne7 11. Be3 O-O 12. h3 Bxf3 13. Qxf3 Ng6 14. Nc3 Qe7 15. Qf5 Rfe8
16. Rae1 b4 17. Na4 Qxe4 18. Qxe4 Rxe4 19. Bc5 Rae8 20. Rxe4 Rxe4 21. Bxd6 cxd6
{Calvo Minguez,R-Keogh,E The Hague 1961 1-0 (44)}) (7. axb3 exd4 8. Qxd4 Bb7
$14) 7... exd4 $11 8. Qxd4 Bb7 9. O-O (9. Nc3 Qf6 10. Qd3 Qd6 $14) 9... Qf6 10.
e5 (10. Qd3 $142 $5 Qd6 11. Qe2 $14) 10... Qg6 $17 11. Qe3 (11. Nh4 $5 Qe6 12.
a4 $17) 11... Ne7 12. Bd2 $2 (12. Rd1 f6 13. Qd3 O-O-O 14. exf6 gxf6 $17) 12...
Nd5 (12... O-O-O $142 $5 13. Nc3 d6 14. exd6 Nf5 15. dxc7 Nxe3 16. cxd8=Q+ Kxd8
17. fxe3 Bd6 $19) 13. Qe2 $17 Be7 14. Nc3 Nb4 (14... Nxc3 $142 15. bxc3 O-O $17
) 15. Rac1 $4 (15. Bf4 $142 Qd3 16. Rae1 $15) 15... Nd3 $19 16. Rb1 (16. Ra1
O-O-O 17. h4 h5 $19) 16... Nxe5 (16... b4 $142 17. Na4 Be4 18. Rbd1 $19) 17.
Qxe5 Bxf3 18. g3 Qg4 (18... d6 $142 19. Qe3 Qf5 $19) 19. Nd1 $4 (19. Nd5 Bxd5
20. Qxd5 $17) 19... Qe4 (19... d6 $142 20. Qc3 O-O $19) 20. Qxe4 $2 (20. Qxg7
$142 O-O-O 21. Rc1 $15) 20... Bxe4 $19 21. Rc1 Kd8 22. Ba5 Rc8 (22... Ra7 $142
$5 23. Re1 f5 $19) 23. Re1 $17 Bc6 (23... f5 24. Nc3 Bf3 25. a4 $17) 24. Ne3
$15 g6 (24... Be4 25. Ng4 Bd5 26. Ne3 $15) 25. Ng4 $11 f6 26. Rc2 h5 27. Rce2
hxg4 28. Rxe7 d6 (28... Rb8 $5 29. Bc3 Kc8 $11) 29. Bc3 (29. Rg7 $5 Re8 30. Rc1
$16) 29... Re8 $14 30. Bxf6 (30. Rxe8+ Bxe8 31. Bxf6+ Kd7 $14) 30... Rxe7 $11
31. Rxe7 (31. Bxe7+ $143 Kd7 32. Bf6 Bf3 33. Re7+ Kc6 $15) 31... Bf3 (31... b4
32. f4 gxf3 33. Kf2 $11) 32. Kf1 (32. h3 $5 Rb8 33. Rg7+ Kc8 34. Rxg6 gxh3 35.
g4 $14) 32... c5 $11 33. Ke1 Rc7 34. Rg7+ Kc8 35. Rxg6 Rf7 36. Kd2 Kd7 37. Rg7
Rxg7 38. Bxg7 Ke6 39. Ke3 Kf5 $4 (39... Bd1 $142 $11) 40. h3 $18 d5 (40... a5
41. Bf8 Ke5 42. hxg4 Bxg4 43. f3 $18) 41. hxg4+ Kxg4 42. Bf8 c4 43. bxc4 $4 (
43. b4 Bh1 $18) 43... bxc4 $4 (43... dxc4 44. Bb4 $11) 44. Kd4 $4 (44. a4 Be4
45. a5 Bc2 $18) 44... Be4 45. Ke5 $4 (45. Bh6 $142 $18) 45... Kf3 $14 46. Bc5
Ke2 $4 (46... a5 $142 $14) 47. g4 $18 Kf3 48. g5 Kg4 49. Kf6 Kh5 50. Bd4 a5 (
50... Bc2 $18) 51. f4 (51. a4 Kg4 52. g6 Bd3 $18) 51... Kg4 $4 (51... a4 $142
$16) 52. Be5 $18 d4 (52... a4 53. g6 a3 $18) 53. Bxd4 Kxf4 54. g6 a4 55. a3 Bd5
56. g7 Kg4 57. Ke7 Kf5 58. Kf8 Be6 59. g8=Q Bxg8 60. Kxg8 Ke6 61. Kf8 Kd7 62.
Kf7 Kd6 63. Ke8 Ke6 64. Bc5 Kd5 65. Bb4 Kc6 66. Ke7 1-0

[Event "Puget Sound League"]
[Site "?"]
[Date "1972.01.04"]
[Round "2"]
[White "Pitt, A."]
[Black "Bailey, B."]
[Result "0-1"]
[WhiteElo "2026"]
[BlackElo "1865"]
[Annotator "Stockfish 14 (15s)"]
[PlyCount "60"]
[EventDate "1972.??.??"]

{D20: Queen's Gambit Accepted: 3 e3 and 3 e4} 1. d4 d5 2. c4 dxc4 3. Nc3 e5 4.
dxe5 Qxd1+ 5. Nxd1 Nc6 6. Nf3 Be6 (6... Bg4 7. Bf4 Bb4+ 8. Nc3 Nge7 9. O-O-O
Bxc3 10. bxc3 Ng6 11. Bg3 O-O 12. Nd4 Ncxe5 13. f3 Bd7 14. h4 h5 15. e4 c5 16.
Nc2 Ba4 17. Rd5 Nd3+ 18. Bxd3 cxd3 19. Ne3 Rfd8 20. Kd2 b6 21. Rxh5 {
Castaneda,N (2288)-Sumets,A (2467) Dos Hermanas 2004 1-0 (37)}) (6... Nge7 7.
e4 Ng6 8. Bxc4 Ncxe5 9. Nxe5 Nxe5 10. Be2 Be6 11. O-O f6 12. Bd2 O-O-O 13. Bc3
Nc4 14. Bxc4 Bxc4 15. Re1 Bd6 16. Ne3 Be6 17. Rad1 Rhe8 18. Nc2 Bxa2 19. Ra1
Bc4 20. Rxa7 Bd3 21. Nd4 {Dijkstra,M-Struik,T (2223) Groningen 2005 0-1 (47)})
7. e4 Nge7 $146 (7... a6 8. Be2 Bb4+ 9. Nc3 Bxc3+ 10. bxc3 Nge7 11. Bf4 Ng6 12.
Bg3 h6 13. h3 O-O 14. O-O Rad8 15. Rfd1 b5 16. a4 Rxd1+ 17. Rxd1 Rd8 18. Rb1
Rb8 19. Nd4 Nxd4 20. cxd4 c6 21. f4 c3 22. f5 {
Lamelas Suarez,F-Gutierrez Nevado,J Oviedo 2004 1-0 (45)}) (7... Bc5 8. Be3
Bb4+ 9. Bd2 Bxd2+ 10. Nxd2 Nxe5 11. Ne3 Nf6 12. f3 Nd3+ 13. Bxd3 cxd3 14. Rc1
c6 15. Rc3 Rd8 16. O-O O-O 17. Rd1 Rd7 18. Ndc4 Bxc4 19. Nxc4 d2 20. Rxd2 Rxd2
21. Nxd2 Rd8 22. Nc4 {Armstrong,S-Laugery,B Canberra 1996 1/2-1/2 (33)}) (7...
Bb4+ 8. Bd2 Bxd2+ 9. Kxd2 O-O-O+ 10. Kc3 b5 $15) 8. Bf4 $2 (8. Ne3 $142 Ng6 9.
Bxc4 Bb4+ 10. Bd2 Bxd2+ 11. Kxd2 O-O-O+ 12. Kc3 Bxc4 13. Kxc4 $11) 8... Ng6 $17
9. Bg3 O-O-O 10. a3 (10. Nc3 Nb4 11. Rd1 Nc2+ 12. Ke2 Bc5 $17) 10... a6 (10...
Bg4 11. Nd2 h5 12. h4 $19) 11. Be2 (11. h4 h5 12. Nc3 b5 $17) 11... h6 12. O-O
Na5 (12... Bc5 13. Ne3 b5 14. Nf5 $19) 13. Rc1 (13. Ne3 $142 $5 b5 14. Rad1 $17
) 13... b5 $19 14. Ne3 Nb3 15. Rcd1 Bc5 (15... Rxd1 $142 16. Bxd1 Nc1 $19) 16.
Nd5 $2 (16. Nf5 $142 Rhg8 17. Rxd8+ Rxd8 18. Nxg7 $19) 16... Bxd5 (16... Ne7 $5
17. Nc3 g5 18. h4 $19) 17. exd5 Ne7 (17... Rhe8 $5 18. Rfe1 Ne7 19. d6 $19) 18.
d6 Nf5 19. dxc7 $4 (19. Nd2 $142 Nxd2 20. Rxd2 Nxg3 21. Bg4+ Kb7 22. hxg3 cxd6
23. Rfd1 $19) 19... Kxc7 20. Nh4 (20. a4 Kb6 $19) 20... Nxg3 21. hxg3 Bd4 (
21... Nd2 22. Nf3 Nxf1 23. Rxf1 $19) 22. a4 (22. Nf5 Bxe5 23. a4 Kc6 $19) 22...
Bxe5 23. axb5 axb5 24. Rxd8 (24. Nf5 Kc6 25. Bh5 Bxb2 26. Bxf7 Kc5 $19) 24...
Rxd8 25. Rb1 (25. Nf5 Rd2 26. Bxc4 bxc4 $19) 25... Rd2 26. Bg4 (26. Bh5 g6 27.
Nxg6 fxg6 28. Bxg6 Bxb2 $19) 26... Rxb2 27. Re1 (27. Rd1 Bd6 $19) 27... c3 28.
Bf5 (28. Kh2 c2 $19) 28... Bf6 29. Re3 (29. Bd3 Nc5 30. Bh7 Bxh4 31. gxh4 Kd6
$19) 29... Nd2 (29... b4 $142 30. Nf3 g6 31. Be4 $19) 30. Re1 (30. Rxc3+ Bxc3
31. g4 b4 $19) 30... c2 0-1

[Event "King County Open"]
[Site "?"]
[Date "1972.02.12"]
[Round "1"]
[White "Edwins, J."]
[Black "Bailey, B."]
[Result "0-1"]
[WhiteElo "100"]
[BlackElo "1859"]
[Annotator "Stockfish 13 (15s)"]
[PlyCount "48"]
[EventDate "1972.??.??"]

{C38: King's Gambit Accepted: 3 Nf3 g5 4 Bc4 Bg7} 1. e4 e5 2. f4 exf4 3. Nf3 d6
4. Bc4 g5 5. O-O Bg7 6. d3 Nc6 $146 (6... h6 7. Nc3 (7. g3 Bh3 8. Ne5 dxe5 9.
Bxf7+ Kxf7 10. Qh5+ Kf8 11. Qxh3 Qd7 12. Qg2 Nc6 13. Nc3 Nf6 14. Bd2 Kg8 15.
Ne2 Nd4 16. Nxd4 Qxd4+ 17. Kh1 Qd7 18. Bc3 Ng4 19. Rg1 f3 20. Qxf3 Rf8 21. Qe2
Nf2+ {Aparicio Navarro,P (2215)-Ramon Perez,J (2325) Spain 2006 0-1}) 7... Ne7
8. Nh4 Nbc6 9. Bxf4 gxf4 10. Qh5 O-O 11. Rxf4 Ne5 12. Bb3 Be6 13. Raf1 Bxb3 14.
axb3 N7g6 15. Nxg6 Nxg6 16. Rg4 c6 17. Ne2 Qb6+ 18. Kh1 Qc5 19. Qh3 Qxc2 20.
Nf4 Qxb2 21. Rxg6 {Augstein,J-Maryczkanicz,M Ueckermuende 1997 0-1}) 7. h4 $2 (
7. a4 h6 $19) 7... h6 (7... g4 8. Nbd2 gxf3 9. Nxf3 $19) 8. Nc3 (8. c3 g4 9.
Bxf4 gxf3 10. Qxf3 Nf6 $19 (10... Qxh4 $6 11. Bg3 Qe7 12. d4 $19)) 8... Ne5 9.
Nxe5 dxe5 (9... Bxe5 $6 10. d4 Bf6 11. Bxf4 gxf4 12. Rxf4 $11) 10. Qh5 Qd7 11.
hxg5 (11. Qe2 $19) 11... hxg5 12. Qxg5 (12. Qe2 Nh6 13. Kf2 Ng4+ 14. Ke1 Nh2
$19) 12... Bf6 13. Qf5 (13. Bxf4 Bxg5 14. Bxg5 $19) 13... Qd4+ 14. Rf2 Bxf5 15.
exf5 Bh4 16. Ne4 Bxf2+ 17. Nxf2 Nf6 18. c3 Qb6 (18... Rh1+ $1 19. Kxh1 Qxf2 20.
Bxf4 exf4 21. g4 fxg3 22. Re1+ Qxe1+ 23. Kg2 Qf2+ 24. Kh3 Qh2#) 19. d4 O-O-O
20. b3 exd4 21. Bxf4 dxc3 22. Be5 (22. Kf1 Qd4 23. Bg5 Ne4 24. Nxe4 Rh1+ 25.
Ke2 Qxe4+ 26. Kf2 Rxa1 27. a3 Ra2+ 28. Bd2 Raxd2+ 29. Be2 Rxe2+ 30. Kg3 Rxg2+
31. Kh3 Rh8#) 22... Ne4 $1 23. Bxh8 (23. -- $140 Qxf2# {Mate threat}) 23...
Qxf2+ 24. Kh1 (24. Kh2 Rxh8#) 24... Rxh8# 0-1

[Event "King County Open"]
[Site "?"]
[Date "1972.02.12"]
[Round "2"]
[White "Bailey, B."]
[Black "Davis, M."]
[Result "1-0"]
[WhiteElo "1859"]
[BlackElo "1605"]
[Annotator "Stockfish 13 (15s)"]
[PlyCount "61"]
[EventDate "1972.??.??"]

{B01: Scandinavian Defence} 1. e4 d5 2. exd5 Qxd5 3. Nc3 Qe5+ 4. Be2 Nf6 (4...
Bf5 5. d3 Nd7 6. Bf4 Qa5 {0-1 (6) Mazariego,S (2010)-Vargas,E Guatemala 1991})
5. d4 $146 (5. Nf3 Qf5 (5... Qc5 6. d4 Qd6 7. O-O e6 8. Ng5 Nc6 9. Nb5 Qd7 10.
Bf4 Bd6 11. Bxd6 cxd6 12. Bh5 O-O 13. Qd3 Nb4 14. Qe2 b6 15. c3 Ba6 16. c4 h6
17. Ne4 Nxe4 18. Qxe4 Bxb5 19. cxb5 Qxb5 20. Be2 {
Kimura,M (699)-Nguyen,P (742) Adelaide 2003 1-0 (36)}) (5... Qd6 6. d4 Nc6 7.
O-O Bg4 8. Be3 e6 9. h3 Bxf3 10. Bxf3 Be7 11. Bxc6+ Qxc6 12. Qd2 O-O 13. Rad1
Rad8 14. a3 a6 15. b4 b6 16. a4 a5 17. b5 Qb7 18. Ne2 c6 19. Nf4 c5 20. c3 {
Elyaci,S-Noten,S Hengelo 2002 1-0 (53)}) 6. d4 Nc6 7. Nb5 Qd7 8. Ne5 Nxe5 9.
dxe5 Qxd1+ 10. Kxd1 Nd5 11. c4 a6 12. cxd5 axb5 13. Bxb5+ Bd7 14. Bc4 e6 15.
dxe6 Bxe6 16. Bxe6 fxe6 17. Ke2 g6 18. Be3 Bg7 19. f4 g5 {
Zerzhalova,S-Gorbunov,O (1930) Tula 2005 1-0 (35)}) (5. Nf3 Qd6 6. d4 $16) 5...
Qf5 $2 (5... Qa5 6. Nf3 $16) 6. Nh3 $4 (6. Nf3 $142 $5 c6 7. O-O $18) 6... e6 (
6... g6 7. O-O Bg7 8. Ng5 $16) 7. Nb5 $16 Bd6 (7... Na6 8. Nf4 g5 9. Bd3 $16)
8. Nxd6+ (8. O-O O-O 9. g4 $16 (9. Nxd6 $6 cxd6 10. Nf4 Nc6 $14)) 8... cxd6 9.
Bf4 (9. O-O $5 $16) 9... e5 10. dxe5 dxe5 11. Bd3 e4 12. Qe2 O-O 13. Bc4 Nc6
14. O-O-O b5 $4 (14... Be6 $142 15. Kb1 Bxc4 16. Qxc4 Rac8 $17) 15. Bxb5 $16
Nb4 $2 (15... Ne5 $142 $16) 16. Bd6 $18 Nxa2+ 17. Kb1 Nc3+ (17... Be6 18. g4
Nxg4 $18) 18. bxc3 Rd8 (18... Be6 19. Bxf8 Rxf8 20. Rd4 $18) 19. Bc6 Bb7 (19...
Bd7 20. Bxa8 Rxa8 21. Qa6 $18) 20. Qb5 (20. Bxb7 $142 Rdb8 21. Qa6 $18) 20...
Qxb5+ 21. Bxb5 Rac8 (21... e3 22. f3 $18) 22. Be7 Rxd1+ 23. Rxd1 Nd5 24. Bb4 g6
25. Ng5 Nc7 (25... e3 26. fxe3 h6 $18) 26. Bc4 Rb8 (26... Bc6 27. Nxf7 Kg7 28.
Kb2 $18) 27. Rd7 Bd5 28. Rxc7 (28. Bxd5 $142 Nxd5 29. Rxd5 $18) 28... a5 (28...
Bxc4 29. Rxc4 a5 30. Nxe4 axb4 31. cxb4 Kf8 $18) 29. Bxd5 axb4 30. Rxf7 bxc3+
31. Rb7+ (31. Rb7+ Kh8 32. Rxb8+ Kg7 33. Nxe4 h5 34. Rg8+ Kh6 35. h4 Kh7 36.
Nf6+ Kh6 37. Be4 g5 38. hxg5#) 1-0

[Event "King County Open"]
[Site "?"]
[Date "1972.02.12"]
[Round "3"]
[White "Day, T."]
[Black "Bailey, B."]
[Result "0-1"]
[WhiteElo "1790"]
[BlackElo "1859"]
[Annotator "Stockfish 13 (15s)"]
[PlyCount "42"]
[EventDate "1972.??.??"]

{C42: Petroff Defence: 3 Nxe5 and unusual White 3rd moves} 1. d4 d5 2. c4 dxc4
3. e3 e5 4. Bxc4 exd4 5. exd4 Nf6 6. Nf3 Be7 7. O-O O-O 8. Nc3 Nbd7 9. Bf4 Nb6
10. Bb3 c6 11. Qd3 Nbd5 12. Bh6 $4 $146 (12. Be5 Bd6 13. Ng5 Nf4 14. Qc2 Ng6
15. Rad1 Qc7 16. f4 Kh8 17. Bxd6 {1-0 (18) Zippel,H-Ziegler,P Heroldsbach 1997}
) (12. Nxd5 Nxd5 13. Bc2 g6 14. Bh6 Re8 15. a3 Bf5 16. Qd2 Bxc2 17. Qxc2 Bf6
18. Rfe1 Qd6 19. Re2 Bg7 20. Bxg7 Kxg7 21. Rae1 Red8 22. Qb3 Qc7 23. Nd2 Rd7
24. Nc4 Nf4 25. Re4 Ne6 26. Qc3 Kg8 {
Braun,K (1662)-Friedrich,P (1956) Willingen 2005 0-1 (65)}) (12. Bg3 $142 $11)
12... gxh6 $19 13. Nxd5 (13. Ne5 Be6 $19) 13... Nxd5 14. Ne5 (14. Rae1 Bb4 15.
Re5 Bd6 $19) 14... Bd6 (14... Kh8 15. Qd2 $19) 15. Rae1 (15. Bxd5 cxd5 16. Qb3
f6 $19) 15... Qg5 (15... Kh8 16. Kh1 $19) 16. Bc2 (16. f4 Qf5 17. Qg3+ Kh8 $19)
16... f5 (16... Qg7 $5 17. Bb3 Kh8 18. Bxd5 cxd5 19. Qb3 $19) 17. Bb3 Kh8 (
17... f4 $142 18. Kh1 Kh8 19. Bxd5 cxd5 20. Qb3 $19) 18. g3 (18. Bxd5 cxd5 19.
f4 $19) 18... f4 19. h4 (19. Kh1 Bf5 20. Qf3 Be6 $19) 19... Qf5 (19... Qf6 20.
Kh1 Be6 21. Bc2 $19) 20. Qe2 (20. Qxf5 Bxf5 21. Kg2 h5 $19) 20... Bxe5 (20...
f3 $142 21. Qxf3 Qxf3 22. Nxf3 Rxf3 $19) 21. dxe5 (21. Qxe5+ Qxe5 22. Rxe5 $19)
21... Be6 (21... Be6 22. Qe4 Qg4 $19) 0-1

[Event "Boeing Swiss"]
[Site "?"]
[Date "1972.02.21"]
[Round "1"]
[White "Bailey, B."]
[Black "Davenport, F."]
[Result "1/2-1/2"]
[WhiteElo "1935"]
[BlackElo "1844"]
[Annotator "Stockfish 13 (15s)"]
[PlyCount "120"]
[EventDate "1972.??.??"]

{C41: Philidor Defence} 1. e4 e5 2. Nf3 d6 3. Bc4 Bg4 4. c3 Nf6 5. Qb3 Be6 (
5... Nfd7 6. Bxf7+ Ke7 7. d4 Nf6 8. dxe5 Nxe4 9. Bd5 Nc5 10. Bg5+ Ke8 11. Bf7+
Kd7 12. Qc4 Bxf3 13. Bxd8 b5 14. Qf1 Be4 15. Bg5 dxe5 16. Qe2 Nd3+ 17. Kd2 Nc5
18. c4 Bxg2 19. Qg4+ {1-0 (19) Antoniou,A (2231)-Trigiorgis,G Limassol 2001}) (
5... Bh5 6. Ng5 d5 7. exd5 Bd6 8. d3 b6 9. Nd2 O-O 10. O-O h6 11. Nge4 Nxe4 12.
Nxe4 Nd7 13. Nxd6 cxd6 14. f4 Re8 15. Qc2 Qh4 16. Bd2 Nf6 17. Be1 Qg4 18. Bg3
exf4 19. Rxf4 Qd7 20. a4 {Muscolino,A (1797)-Kuhn,H (1317) Meran 2006 1-0 (31)}
) 6. Bxe6 fxe6 7. Qxe6+ $146 (7. O-O Qc8 8. d4 Nc6 9. Re1 h6 10. Nbd2 Be7 11.
Nc4 Nd7 12. Ne3 Nf6 13. d5 exd5 14. exd5 Nd8 15. Qc2 Nf7 16. Qg6 Kf8 17. Nf5
Rg8 18. Nxe7 Kxe7 19. c4 Qg4 20. Qc2 g5 21. b3 Kf8 {
Fehres,W (2104)-Patzke,K Dresden 2002 1-0 (46)}) (7. Ng5 $5 Qc8 8. Nxe6 Nc6 $18
) 7... Be7 8. d3 Qd7 9. Ng5 (9. Qb3 Qc6 $18) 9... Rf8 10. Na3 (10. Be3 h6 11.
Qxd7+ Kxd7 $18) 10... Na6 11. Be3 (11. Ke2 Nc5 12. Qxd7+ Kxd7 $18) 11... h6 (
11... Ng4 12. Qxd7+ Kxd7 13. Nf3 $18 (13. Nxh7 $4 Rh8 $19)) 12. Qxd7+ $18 Nxd7
(12... Kxd7 13. Nf3 $18) 13. Nf3 (13. Ne6 Rg8 14. f4 Nf6 $18) 13... Nac5 14.
O-O-O (14. Ke2 a5 $18) 14... O-O-O (14... a5 15. Kb1 $16) 15. Nc4 $18 Kb8 (
15... c6 16. h4 $18) 16. Rd2 (16. Kc2 Ne6 $18) 16... Ne6 17. d4 exd4 18. Nxd4
Nxd4 19. Bxd4 (19. Rxd4 b5 20. Na5 Rde8 $18) 19... Bg5 20. Ne3 $4 (20. Be3 $142
$18) 20... Rf7 $4 (20... c5 $142 21. Bxg7 Rxf2 22. Rxf2 Bxe3+ 23. Kd1 Bxf2 24.
Bxh6 Bh4 $19) 21. Kc2 $4 (21. h4 $142 Bf4 22. g3 Bxe3 23. Bxe3 $11 (23. fxe3 $4
c5 $19)) 21... c5 $19 22. h4 (22. Re1 cxd4 23. cxd4 $19) 22... Be7 (22... cxd4
$142 23. hxg5 dxe3 24. fxe3 hxg5 25. Rxd6 Re8 $19) 23. Bxg7 $17 Rxg7 24. Nf5
Rh7 25. Nxd6 (25. Nxe7 $142 Rxe7 26. Rxd6 Rxe4 27. Rhd1 Re2+ 28. R1d2 Rxd2+ 29.
Kxd2 $17) 25... Ne5 $4 (25... Nf6 $142 26. Nf5 Rxd2+ (26... Nxe4 $6 27. Re2 Rf8
28. Nxe7 Rxe7 29. Rhe1 $11) 27. Kxd2 Nxe4+ 28. Ke2 Nd6 $19) 26. Nf5 $11 Rxd2+
27. Kxd2 Bf8 28. Rd1 Rd7+ 29. Ke2 Rxd1 30. Kxd1 Nd3 31. f3 Nxb2+ 32. Kc2 Nc4
33. g4 $2 (33. Kd3 $142 b5 34. f4 $11) 33... Ne5 $17 34. g5 hxg5 (34... h5 35.
Kd2 Nxf3+ 36. Ke3 $17) 35. hxg5 c4 (35... Ng6 $142 $5 36. Kd3 Kc7 $17) 36. Nh4
$11 Kc7 37. g6 Kd7 38. f4 Ng4 39. Nf5 Nf6 40. g7 Bxg7 41. Nxg7 Nxe4 42. Nf5 b5
43. Nd4 a6 44. Kb2 Nd6 45. Ka3 Kc7 46. Kb2 Kb6 47. Kc2 Ne4 48. f5 a5 49. a3 Nf6
50. Kd2 Kc5 51. Ne6+ Kd6 52. Ke3 Ke5 53. Nd4 Nd5+ 54. Kd2 Nc7 55. Nc6+ Kxf5 56.
Nxa5 Ke4 57. Nc6 Kf5 58. Nd4+ Ke4 59. Ne2 Nd5 60. Nd4 Nc7 1/2-1/2

[Event "Boeing Swiss"]
[Site "?"]
[Date "1972.03.04"]
[Round "2"]
[White "Augusztiny, P."]
[Black "Bailey, B."]
[Result "0-1"]
[WhiteElo "1589"]
[BlackElo "1935"]
[Annotator "Stockfish 13 (15s)"]
[PlyCount "50"]
[EventDate "1972.??.??"]

{D20: Queen's Gambit Accepted: 3 e3 and 3 e4} 1. d4 d5 2. c4 dxc4 3. a4 e5 (
3... c6 4. e3 e5 5. Bxc4 Bb4+ 6. Nc3 exd4 7. exd4 Nf6 8. Nge2 O-O 9. O-O Qc7
10. Qc2 Bg4 11. Ng3 Nbd7 12. h3 Bh5 13. Nxh5 Nxh5 14. Ne4 h6 15. Nc5 Nxc5 16.
dxc5 Qe5 17. Be3 a5 18. Rfd1 {
Orso,J (2310)-Bugyinszki,I (2305) Hungary 1994 0-1}) (3... Bf5 4. Nc3 Nf6 5.
Nf3 e6 6. Bg5 Be7 7. e3 Nbd7 8. Bxc4 Nb6 9. Be2 a5 10. O-O Nbd5 11. Rc1 O-O 12.
Ne5 Ne4 13. Bxe7 Nexc3 14. bxc3 Qxe7 15. Bf3 Qa3 16. Qd2 Nf6 17. Bxb7 Rab8 18.
Ra1 {Peral Aparicio,J (1740)-Ramos Pinto,J Madrid 2006 1-0 (31)}) 4. Nf3 $146 (
4. d5 Nf6 5. Nc3 (5. Bg5 Bb4+ 6. Bd2 Bxd2+ 7. Qxd2 Qxd5 8. e3 Be6 9. Qxd5 Bxd5
10. Nc3 c6 11. f3 Na6 12. Nh3 Nb4 13. O-O-O e4 14. fxe4 Nxe4 15. Rd4 Nxc3 16.
bxc3 Nd3+ 17. Kd2 Nc5 18. Kc2 Nxa4 19. e4 Be6 {
Lundback,A (1553)-Hogwall,D (1500) Stockholm 2002 1/2-1/2 (81)}) 5... Bb4 6.
Bg5 Qxd5 7. Bxf6 Qxd1+ 8. Rxd1 gxf6 9. e3 Be6 10. Be2 Nd7 11. Nf3 O-O-O 12. O-O
Bxc3 13. bxc3 Nc5 14. Ra1 Rd6 15. Ra2 Rhd8 16. Raa1 Ne4 17. Rac1 Ra6 18. Bd1
Rd3 {Etlender,G (1467)-Friedrichs,D (1089) Rotenburg 2000 1-0 (50)}) (4. dxe5
Qxd1+ 5. Kxd1 Nc6 6. Nf3 Bf5 7. Bd2 O-O-O 8. Kc1 Bb4 9. Bxb4 Nxb4 10. Nbd2 Be6
11. e3 Nd3+ 12. Bxd3 cxd3 13. Ra3 Ne7 14. Ne1 Nc6 15. Nxd3 Rd5 16. Nf4 Rxe5 17.
Nxe6 Rxe6 18. Rd3 Rd8 {Herzog,F-Reiter,H Konstantinsbad 1935 1/2-1/2 (76)})
4... exd4 5. Qxd4 Qxd4 6. Nxd4 Bb4+ (6... Bc5 $5 7. Nb5 Na6 $17) 7. Bd2 $11 a5
8. e3 Bd7 9. Bxc4 c5 $2 (9... Nc6 $142 $11) 10. Nb5 $16 Bxb5 11. Bxb5+ (11.
axb5 $6 Nf6 $11) 11... Nd7 (11... Ke7 12. Nc3 Nf6 13. O-O-O $16) 12. Nc3 (12.
Na3 $5 O-O-O 13. Nc4 Bxd2+ 14. Nxd2 Kc7 $18) 12... Ngf6 $16 13. Rd1 (13. Ke2
Ke7 $16) 13... O-O (13... Ke7 14. e4 Rhd8 15. f3 $18) 14. O-O (14. e4 $142 $5
$18) 14... Rfd8 $16 15. Na2 (15. f3 Ne5 16. e4 c4 $16) 15... Nb6 $14 16. Nxb4 (
16. Bc3 Bxc3 17. Nxc3 Kf8 $14) 16... axb4 (16... cxb4 $142 17. f3 Ne8 $11) 17.
b3 $4 (17. f3 $142 Ne8 18. b3 $14) 17... Ne4 $19 18. Bc1 Nc3 19. Rxd8+ Rxd8 20.
e4 Nxe4 $4 (20... Nxb5 $142 21. axb5 Rd3 $19) 21. Be3 $4 (21. Re1 $142 Nc3 22.
Be3 Nxb5 23. axb5 $11) 21... Nd5 $19 22. Rd1 (22. Bc4 Nxe3 23. fxe3 Rd7 $19)
22... Nec3 23. Rd2 (23. Ra1 Nxb5 24. axb5 b6 $19) 23... Nxb5 24. axb5 b6 25.
Kf1 (25. f3 Kf8 26. Kf2 $19) 25... Nxe3+ (25... Nxe3+ 26. Ke2 Rxd2+ 27. Kxd2
Nxg2 $19) 0-1